| 000 | 00956 a2200241 4500 | ||
|---|---|---|---|
| 003 | Nust | ||
| 005 | 20220720102758.0 | ||
| 020 | _a0-7923-9048-2 | ||
| 040 | _cNust | ||
| 082 | _a003.54,GRA | ||
| 100 | 1 |
_aGray, Robert M. _993997 |
|
| 245 | 0 | 0 |
_aSource coding theory / _cby Robert M. Gray |
| 260 |
_aBoston : _bKluwer Academic, _ccop. 1990 |
||
| 300 | _axii, 188 s. | ||
| 440 | 0 |
_aKluwer international series in engineering and computer science, _982222 |
|
| 440 | 0 |
_aThe Kluwer international series in engineering and computer science, _983489 |
|
| 505 | _aInformation Sources (Page-1), Codes, Distortion and Information (Page-27), Distortion-Rate Theory (Page-53), Rate-Distortion Functions (Page-81), High Rate Quantization (Page-115), Uniform Quantization Noise (Page-137). | ||
| 650 | 0 |
_aCoding theory _93106 |
|
| 650 | 0 |
_aCoding theory _93106 |
|
| 650 | 0 |
_aKodningsteori _993998 |
|
| 650 | 0 |
_aRate distortion theory _993999 |
|
| 942 |
_cREF _2ddc |
||
| 999 |
_c190907 _d190907 |
||